| 000 | 00839nam a2200205 i 4500 | ||
|---|---|---|---|
| 001 | 89573 | ||
| 003 | ES-MaACL | ||
| 007 | t| | ||
| 008 | 050111s1924 sp ||||1| spa d | ||
| 100 | 1 |
_aLa Vaissière, Jules de. _969186 |
|
| 245 | 1 | 0 |
_aPsicología experimental / _cobra compuesta por Julio de la Vaissière ; segunda edición de la versión castellana, con lo añadido a la italiana por F. Gaetani ; refundida, corregida y nuevamente aumentada con notas y adiciones por Fernando Mª Palmés. |
| 260 |
_aBarcelona : _bEugenio Subirana, _c1924. |
||
| 300 |
_aXXVII, 627 p. ; _c22 cm. |
||
| 490 | 1 | _aBiblioteca psicológico-pedagógica | |
| 700 | 1 |
_aGaetani, F. _953207 |
|
| 700 | 1 |
_aPalmés, Fernando María. _988649 |
|
| 830 | 0 |
_aBiblioteca psicológico-pedagógica _9231896 |
|
| 852 |
_aES-MaACL _jB-3500 |
||
| 999 |
_c89573 _d89573 |
||